|
|
|
|
| LEADER |
00965nam a2200265 a 4500 |
| 001 |
425 |
| 003 |
BD-DhAAL |
| 005 |
20150601110216.0 |
| 008 |
150601s1997 nyua b 001 0 eng |
| 010 |
|
|
|a 96034043
|
| 020 |
|
|
|a 0070248443
|
| 040 |
|
|
|a DLC
|c DLC
|d DLC
|d BD-DhAAL
|
| 050 |
0 |
0 |
|a TK5105.5
|b .G74 1997
|
| 082 |
0 |
0 |
|a 004.6
|2 20
|
| 100 |
1 |
|
|a Grinberg, Arkady.
|9 11547
|
| 245 |
1 |
0 |
|a Seamless networks :
|b interoperating wireless and wireline networks /
|c Arkady Grinberg.
|
| 260 |
|
|
|a New York :
|b McGraw-Hill,
|c c1997.
|
| 300 |
|
|
|a ix, 260 p. :
|b ill. ;
|c 24 cm.
|
| 504 |
|
|
|a Includes bibliographical references and index.
|
| 541 |
|
|
|e 425
|
| 650 |
|
0 |
|a Internetworking (Telecommunication)
|9 11548
|
| 650 |
|
0 |
|a Wireless communication systems.
|9 9040
|
| 942 |
|
|
|2 ddc
|c BK
|
| 999 |
|
|
|c 34569
|d 34569
|
| 952 |
|
|
|0 0
|1 0
|2 ddc
|4 0
|6 004_600000000000000_GRI
|7 0
|9 53980
|a SCL
|b SCL
|c GEN
|d 2015-06-01
|e Gift: The Asia Foundation
|l 0
|o 004.6 GRI
|p 3020000425
|r 2015-06-01
|t 1
|w 2015-06-01
|y BK
|